Statistics for Star Wars Deaths

Click here to take the quiz!

General Stats

  • This quiz has been taken 31 times
  • The average score is 13 of 16

Answer Stats

LocationCause of deathAnswer% Correct
Death Star 2Thrown into the reactor core of the Death Star by Darth VaderEmperor Palpatine
93%
NabooStabbed by Darth MaulQui-Gon Jinn
93%
DagobahDied of old ageYoda
93%
TatooineShot by Han SoloGreedo
89%
Starkiller BaseStabbed by Kylo RenHan Solo
89%
Death StarAllowed himself to be killed by Darth VaderObi-Wan Kenobi
89%
Polis MassaDied in childbirthPadmé Amidala
89%
Death Star 2Died of his wounds on the Second Death StarDarth Vader
85%
Ahch-ToDied after using all his energy for an astral projectionLuke Skywalker
85%
TatooineStrangled by LeiaJabba the Hutt
81%
CoruscantBlasted out a window by Palpatine using force lightningMace Windu
81%
TatooinePushed into the Sarlacc by Han SoloBoba Fett
74%
Invisible HandDecapitated by AnakinCount Dooku
74%
UtapauShot several times in the chest by Obi-WanGeneral Grievous
70%
SupremacySliced in half by Kylo RenSnoke
70%
GeonosisDecapitated by Mace WinduJango Fett
67%

Score Distribution

Percentile by Number Answered

Percent of People with Each Score

Your Score History

You have not taken this quiz